000
00270nam a2200097Ia 4500
008
220204s9999 xx 000 0 und d
082
_a
NR:339.138(047)
_b
REP
245
0
_a
Report on marketing organisation for rubber
260
_a
Kottayam
_b
Indian Rubber Board
942
_c
BK
999
_c
23415
_d
23415